| 000 | 00681nam a2200193Ii 4500 | ||
|---|---|---|---|
| 003 | JO-AjNU | ||
| 008 | 230605s9999||||xx |||||||||||||| ||und|| | ||
| 040 |
_aJO-AjNU _bara _erda _cJO-AjNU |
||
| 041 | _aara | ||
| 050 | 1 | 4 | _aHM45.L3 |
| 100 | 3 |
_aاللقاني، احمد حسين, _eauthor _940436 |
|
| 245 | 0 | 0 | _aالمواد الاجتماعية وتنمية التفكير |
| 264 | 3 | 1 | _aالقاهرة: عالم الكتب |
| 300 |
_a159ص _bيحتوي على ببلوغرافية من 157-159ص |
||
| 336 |
_atext _btxt _2rdacontent |
||
| 337 |
_aunmediated _bn _2rdamedia |
||
| 338 |
_avolume _bnc _2rdacarrier |
||
| 650 | 4 |
_aعلم اجتماع - تعلم وتعليم _940437 |
|
| 999 |
_aA17160 _c20728 _d20728 |
||